|
|
|
|
| LEADER |
00000nam a2200000 a 4500 |
| 001 |
vtls001425502 |
| 003 |
SK-MaSNL |
| 005 |
20260301120743.0 |
| 008 |
251124s1999 HU r 0 hun |
| 020 |
|
|
|a 9634824073
|c [89,00]
|
| 035 |
|
|
|a SNK000380401
|
| 040 |
|
|
|a SNK
|b slo
|c SNK
|e AACR2
|
| 044 |
|
|
|a HU
|
| 080 |
|
|
|a 930.85(439)(091)
|2 1981
|
| 245 |
1 |
|
|a A kultúraköziség dilemmái
|b (interkulturális tanulmányok Vajda György Mihály 85. születésnapjának megünneplésére)
|c [Fried István (főszerkesztő)]
|
| 260 |
|
|
|a Szeged
|b JATE BTK
|c 1999
|
| 300 |
|
|
|a 223 s.
|c 24 cm
|
| 500 |
|
|
|a Údaj o zodp. prevzatý z rubu tit. strany
|
| 650 |
0 |
7 |
|a dejiny kultúrne
|x štúdie historické
|2 SNK
|9 463824
|
| 651 |
|
7 |
|a Maďarsko
|x dejiny kultúrne
|x štúdie historické
|2 SNK
|9 296168
|
| 700 |
1 |
|
|a Fried, István,
|d 1934-
|4 zre
|9 18725
|
| 700 |
1 |
|
|a Vajda, Gyögy Mihály
|4 adv
|9 463825
|
| 919 |
|
|
|a 963-482-407-3
|
| 999 |
|
|
|c 726939
|d 728869
|
| 952 |
|
|
|t P60, <04>, [BOOK], {604}
|a SNK
|b SNK
|y VYP
|7 0
|p 17A0334228
|o snkIC 129925
|i snkV 275/2002
|0 0
|1 0
|4 0
|d 2002-03-07
|l 0
|r 2005-01-02 00:00:00
|w 2026-02-23
|